Discursos de recepción leídos en la Real Academia de Ciencias Morales y Políticas (Record no. 173061)

MARC details
000 -LEADER
campo de control de longitud fija 01899nas a2200313 i 4500
001 - NÚMERO DE CONTROL
campo de control 173061
003 - IDENTIFICADOR DE NÚMERO DE CONTROL
campo de control ES-MaACL
005 - FECHA Y HORA DE LA ÚLTIMA TRANSACCIÓN
campo de control 20250821112348.0
007 - CAMPO FIJO DE DESCRIPCIÓN FÍSICA--INFORMACIÓN GENERAL
campo de control de longitud fija t|
008 - DATOS DE LONGITUD FIJA--INFORMACIÓN GENERAL
campo de control de longitud fija 091021c19181919sp a| | 1 ||pa d
040 ## - FUENTE DE CATALOGACIÓN
Centro/agencia transcriptor ES-MaACL
080 ## - NÚMERO DE LA CLASIFICACIÓN DECIMAL UNIVERSAL
Número de la Clasificación Decimal Universal 3 : 061.12(460)
110 2# - ENTRADA PRINCIPAL--NOMBRE DE ENTIDAD CORPORATIVA
Nombre de entidad corporativa o nombre de jurisdicción como elemento de entrada Real Academia de Ciencias Morales y Políticas (España)
9 (RLIN) 222050
245 10 - MENCIÓN DEL TÍTULO
Título Discursos de recepción leídos en la Real Academia de Ciencias Morales y Políticas
Fechas predominantes (1918-1919)
260 ## - PUBLICACIÓN, DISTRIBUCIÓN, ETC.
Lugar de publicación, distribución, etc. Madrid :
Nombre del editor, distribuidor, etc. [s. n.],
Fecha de publicación, distribución, etc. 1918
Fabricante (Est. Tip. de Jaime Ratés)
300 ## - DESCRIPCIÓN FÍSICA
Extensión 1 v. ;
Dimensiones 26 cm.
505 ## - NOTA DE CONTENIDO CON FORMATO
Nota de contenido con formato T. XII: El uso, los usos sociales y los usos convencionales en el código civil español / Felipe Clemente de Diego (122 p.). Contestación / Ángel Salcedo y Ruiz (p. 123-143). Ensayo de exposición histórico-crítica de las mas importantes doctrinas sociales y del intervencionismo de Estado con aplicación en España / Fermín Calbetón (p. 145-304). Contestación / Amós Salvador (p. 305-316). El ciclo de las sociedades políticas: formación, conservación y disolución / Manuel de Burgos y Mazo (p. 317-540). Contestación / Adolfo Bonilla San Martín (p. 541-560). El trabajo manual en las reglas monásticas / Luis Redonet y López Dóriga (p. 561-739). Contestación / Adolfo Bonilla y San Martín (p. 740-752).
700 1# - ENTRADA AGREGADA--NOMBRE PERSONAL
Nombre de persona Diego y Gutiérrez, Felipe Clemente de,
9 (RLIN) 234641
Fechas asociadas al nombre 1866-1945
Término indicativo de función/relación Autor
700 1# - ENTRADA AGREGADA--NOMBRE PERSONAL
Nombre de persona Salcedo Ruiz, Ángel.
9 (RLIN) 101855
Término indicativo de función/relación Autor
700 1# - ENTRADA AGREGADA--NOMBRE PERSONAL
Nombre de persona Calbetón y Blanchón, Fermín.
9 (RLIN) 33559
Término indicativo de función/relación Autor
700 1# - ENTRADA AGREGADA--NOMBRE PERSONAL
Nombre de persona Salvador y Rodrigáñez, Amós,
Fechas asociadas al nombre 1845-1922
Término indicativo de función/relación Autor
9 (RLIN) 102102
700 1# - ENTRADA AGREGADA--NOMBRE PERSONAL
Nombre de persona Burgos y Mazo, Manuel de.
9 (RLIN) 32669
Término indicativo de función/relación Autor
700 1# - ENTRADA AGREGADA--NOMBRE PERSONAL
Nombre de persona Bonilla y San Martín, Adolfo,
Fechas asociadas al nombre 1875-1926
9 (RLIN) 30193
Término indicativo de función/relación Autor
700 1# - ENTRADA AGREGADA--NOMBRE PERSONAL
Nombre de persona Redonet y López-Dóriga, Luis,
Fechas asociadas al nombre 1875-1972
Término indicativo de función/relación Autor
9 (RLIN) 95833
852 ## - LOCALIZACIÓN
Ubicación ES-MaACL
Número de control de estantería K-194
942 ## - ELEMENTOS DE ENTRADA SECUNDARIOS (KOHA)
Tipo de ítem Koha Libro impreso
Suprimir en OPAC No
Holdings
Estatus retirado Estado de pérdida Fuente del sistema de clasificación o colocación Estado de daño No para préstamo Colección Biblioteca de origen Biblioteca actual Ubicación en estantería Fecha de adquisición Total de préstamos Signatura topográfica completa Código de barras Visto por última vez Precio de reemplazo Tipo de ítem Koha
    Clasificación decimal universal     Periódicos y Revistas Biblioteca del Ateneo de Madrid Biblioteca del Ateneo de Madrid Administración 21/10/2009   K-194 1181592 23/02/2023 23/02/2023 Libro impreso